Les pays Aquitains
Guardat en:
| Autor principal: | |
|---|---|
| Format: | Llibre |
| Idioma: | francès |
| Publicat: |
Burdeos
Bière
1960
|
| Matèries: | |
| Etiquetes: |
Afegir etiqueta
Sense etiquetes, Sigues el primer a etiquetar aquest registre!
|
MARC
| LEADER | 00000nam a2200000 a 4500 | ||
|---|---|---|---|
| 001 | UCU4593 | ||
| 003 | CL-VaPUC | ||
| 008 | 960524e19600000fr |||||||||||||||||fre|d | ||
| 082 | 0 | 4 | |a 551.41 |b ENJ |2 21 |
| 100 | 0 | |a Enjalbert, Henri |e author |9 362281 | |
| 245 | 1 | 4 | |a Les pays Aquitains |
| 300 | |a v | ||
| 942 | |c BK | ||
| 945 | |d 19960524 00:00:00 |a cmena | ||
| 260 | |a Burdeos |b Bière |c 1960 | ||
| 500 | |a v.1: Le modelé et les sols | ||
| 650 | 0 | |a Geomorfología |9 261377 | |
| 650 | 7 | |a GEOLOGIA BASICA |2 CL-VaPUC |9 360600 | |
| 650 | 0 | |a Geografía física |9 259347 | |
| 650 | 0 | |a Topografía |9 260423 | |
| 650 | 7 | |a SEDIMENTOLOGIA |2 CL-VaPUC |9 361448 | |
| 650 | 0 | |a Erosión del suelo |9 361524 | |
| 650 | 7 | |a GEOLOGIA HISTORICA |2 CL-VaPUC |9 362282 | |
| 583 | |a last modification |c 20150430 04:36:15 |k Rodrigo Vera | ||
| 999 | |c 248265 |d 248263 | ||
| 952 | |0 0 |1 0 |4 0 |6 551_410000000000000_ENJ_1960 |7 0 |8 A |9 264766 |a BIBING |b BIBING |d 2019-11-19 |h v.1 |i 1667033 |o 551.41 ENJ 1960 |p 1667033 |r 2025-01-20 |w 2019-11-19 |y BK |k ING | ||